Helen Thomas tireless white house reporter/ (Record no. 7830)
[ view plain ]
| 000 -LEADER | |
|---|---|
| fixed length control field | 00537nam a2200157 4500 |
| 008 - FIXED-LENGTH DATA ELEMENTS--GENERAL INFORMATION | |
| fixed length control field | 171128b xxu||||| |||| 00| 0 eng d |
| 022 ## - INTERNATIONAL STANDARD SERIAL NUMBER | |
| International Standard Serial Number | |
| 082 ## - DEWEY DECIMAL CLASSIFICATION NUMBER | |
| Edition number | Aug-Oct 2013 v. 182 n. 6 |
| Classification number | DPer 050 |
| Item number | T48 |
| 100 ## - MAIN ENTRY--PERSONAL NAME | |
| 9 (RLIN) | 23738 |
| Personal name | Gibbs, Robert. |
| 245 ## - TITLE STATEMENT | |
| Title | Helen Thomas tireless white house reporter/ |
| Statement of responsibility, etc. | Robert Gibbs. |
| 260 ## - PUBLICATION, DISTRIBUTION, ETC. (IMPRINT) | |
| Place of publication, distribution, etc. | New York: |
| Name of publisher, distributor, etc. | Time Inc., |
| Date of publication, distribution, etc. | Aug-Oct c2013. |
| 300 ## - PHYSICAL DESCRIPTION | |
| Extent | v182 n6, page 10: |
| Other physical details | illustration; |
| Dimensions | 27 cm. |
| 650 #0 - SUBJECT ADDED ENTRY--TOPICAL TERM | |
| 9 (RLIN) | 23736 |
| Topical term or geographic name as entry element | Reports and reporting |
| Form subdivision | Periodicals |
| 650 #0 - SUBJECT ADDED ENTRY--TOPICAL TERM | |
| 9 (RLIN) | 23737 |
| Topical term or geographic name as entry element | Journalism |
| Form subdivision | Periodicals |
| 942 ## - ADDED ENTRY ELEMENTS (KOHA) | |
| Source of classification or shelving scheme | Dewey Decimal Classification |
| Koha item type | Periodicals |
| Withdrawn status | Lost status | Source of classification or shelving scheme | Damaged status | Not for loan | Collection code | Home library | Current library | Date acquired | Total Checkouts | Full call number | Date last seen | Price effective from | Koha item type | Public note |
|---|---|---|---|---|---|---|---|---|---|---|---|---|---|---|
| Dewey Decimal Classification | Periodicals | UM Digos College - LIC | UM Digos College - LIC | 11/28/2017 | DPer 050 T48 Aug-Oct 2013 v182 n6 | 11/28/2017 | 11/28/2017 | Periodicals | Periodical article |
